000 01335nam a22002777a 4500
005 20170124103116.0
010 _aA-692249
020 _c100.00
035 _aA-692249
037 _bCen Lib/Ret
040 _aDPL
_bHN
082 _a401.802
_bगुप्तगा
100 _aगुप्त, गार्गी
_980836
245 _aअनुवाद कला के मूल स्त्रोत /
_cगार्गी गुप्त [एवं] विश्वप्रकाश गुप्त
246 _aAnuvad kala ke mool strot /
_bby Gargi Gupt [evam] evam Vishvprakash Gupt
260 _aनयी दिल्ली
_bभारतीय अनुवाद परिषद
_c1992
270 _bनयी दिल्ली
_a203 आशादीप, 9 हेली रोड
_e110001
300 _a112पृ.
_c19सेमी(सजिल्द )
500 _aसन्दर्भ सूची शामिल
650 _aहिन्दी भाषा
_x
_z
_980837
650 _aहिन्दी भाषा--अनुवाद कला
_980838
650 _aHindi language
_99446
650 _aHindi language - Translation art
_980839
700 _aगुप्त, विश्वप्रकाश
_9130
942 _2ddc
_cHN
_h401.802
_mगुप्तगा
999 _c118556
_d118556